[Event "Bad Woerishofen Seniors op 39th"]
[Site "Bad Woerishofen"]
[Date "2024.03.08"]
[Round "1"]
[White "Bhend, Edwin"]
[Black "Vonach, Bernhard"]
[Result "1-0"]
[WhiteElo "2113"]
[BlackElo "1881"]
[PlyCount "80"]
[EventDate "2024.03.08"]
[EventType "swiss"]
[EventRounds "9"]
[EventCountry "GER"]
[SourceTitle "CB13_2024"]
[SourceDate "2024.03.27"]
[SourceVersion "1"]
[SourceVersionDate "2024.03.27"]
[SourceQuality "1"]

1. e4 e5 2. Bc4 Nf6 3. d3 Nc6 4. Nf3 Be7 5. Nc3 d6 6. h3 Na5 7. Bb3 Nxb3 8. axb3 0-0 9. 0-0 c6 10. d4 exd4 11. Nxd4 d5 12. e5 Ne4 13. Qe2 Nxc3 14. bxc3 Re8 15. Qd3 g6 16. Bf4 c5 17. Ne2 Bf5 18. Qd2 Bf8 19. Bg5 Be7 20. Bxe7 Qxe7 21. f4 Red8 22. Ng3 Qd7 23. Rae1 h5 24. Rd1 Rac8 25. Rf2 Kg7 26. Nf1 d4 27. c4 b5 28. Qe2 bxc4 29. Qxc4 Qe6 30. Qa4 Qb6 31. Ng3 Bd7 32. Qa3 a5 33. Ne4 Bf5 34. Nd6 Ra8 35. Qa4 Qb4 36. Qc6 Bd7 37. Qf3 Ra6 38. f5 Rxd6 39. f6+ Rxf6 40. Qxf6+ Kh6 1-0

[Event "Bodensee op Seniors 6th"]
[Site "Bregenz"]
[Date "2022.05.26"]
[Round "5"]
[White "Oberndoerfer, Frank"]
[Black "Bhend, Edwin"]
[Result "0-1"]
[WhiteElo "1965"]
[BlackElo "2093"]
[PlyCount "123"]
[EventDate "2022.05.22"]
[EventType "swiss"]
[EventRounds "7"]
[EventCountry "AUT"]
[SourceTitle "CBM 208 Extra"]
[Source "ChessBase"]
[SourceDate "2022.07.31"]
[SourceVersion "1"]
[SourceVersionDate "2022.07.31"]
[SourceQuality "1"]

1. d4 d5 2. Nf3 Nc6 3. c3 Bg4 4. Bf4 e6 5. Nbd2 Bd6 6. Bxd6 cxd6 7. h3 Bh5 8. Qb3 Qd7 9. e3 Nge7 10. a4 0-0 11. Bb5 a6 12. Bxc6 bxc6 13. Qa3 a5 14. 0-0 Rfb8 15. b4 Nc8 16. Rfb1 Qc7 17. bxa5 Qxa5 18. Rb4 c5 19. dxc5 dxc5 20. Rxb8 Rxb8 21. Rb1 Rxb1+ 22. Nxb1 Bxf3 23. gxf3 Nb6 24. Qb3 Kf8 25. Qb5 Qxb5 26. axb5 Ke7 27. Kf1 Kd6 28. Ke2 c4 29. e4 Kc5 30. Ke3 e5 31. exd5 f5 32. Na3 Nxd5+ 33. Kd2 g5 34. Kc2 h5 35. Kd2 h4 36. Ke1 Nb6 37. Kf1 Nc8 38. Ke1 Nd6 39. Kf1 Nxb5 40. Nb1 Nc7 41. Kg2 Nd5 42. Kh2 Nf4 43. Nd2 Kd5 44. Nf1 Ne2 45. Ne3+ Kc5 46. Nd1 Kb5 47. Kg2 Nf4+ 48. Kf1 Nxh3 49. Ne3 Nf4 50. Nxf5 Ka4 51. Nd6 Kb3 52. Ne4 Nd5 53. Nxg5 Kxc3 54. Ne4+ Kd4 55. Nd2 c3 56. Nb3+ Kd3 57. Kg2 Nf4+ 58. Kh2 c2 59. Nc1+ Kd2 60. Nb3+ Kc3 61. Nc5 c1Q 62. Nb3 0-1

[Event "Bodensee op Seniors 6th"]
[Site "Bregenz"]
[Date "2022.05.25"]
[Round "4"]
[White "Bhend, Edwin"]
[Black "Dobosz, Henryk"]
[Result "0-1"]
[WhiteElo "2093"]
[BlackElo "2362"]
[PlyCount "54"]
[EventDate "2022.05.22"]
[EventType "swiss"]
[EventRounds "7"]
[EventCountry "AUT"]
[SourceTitle "CBM 208 Extra"]
[Source "ChessBase"]
[SourceDate "2022.07.31"]
[SourceVersion "1"]
[SourceVersionDate "2022.07.31"]
[SourceQuality "1"]

1. d4 d5 2. Nc3 c6 3. e4 dxe4 4. Nxe4 Nf6 5. Nxf6+ exf6 6. Bc4 Bd6 7. Ne2 Qc7 8. Be3 0-0 9. Qd2 Re8 10. 0-0-0 Nd7 11. Kb1 Nb6 12. Bb3 a5 13. a3 a4 14. Ba2 Be6 15. Bxe6 Rxe6 16. Qd3 Nd5 17. Bd2 b5 18. c3 Rae8 19. Nc1 Nb6 20. g3 Qd7 21. Be3 Bf8 22. Rhe1 Qd5 23. Bd2 Nc4 24. Rxe6 Rxe6 25. h4 Qg2 26. d5 Rd6 27. Qe2 Qxd5 0-1

[Event "Bodensee op Seniors 6th"]
[Site "Bregenz"]
[Date "2022.05.23"]
[Round "2"]
[White "Bhend, Edwin"]
[Black "Hellmann, Thomas"]
[Result "1-0"]
[WhiteElo "2093"]
[BlackElo "1864"]
[PlyCount "105"]
[EventDate "2022.05.22"]
[EventType "swiss"]
[EventRounds "7"]
[EventCountry "AUT"]
[SourceTitle "CBM 208 Extra"]
[Source "ChessBase"]
[SourceDate "2022.07.31"]
[SourceVersion "1"]
[SourceVersionDate "2022.07.31"]
[SourceQuality "1"]

1. d4 d6 2. e4 Nf6 3. Nc3 e5 4. dxe5 dxe5 5. Qxd8+ Kxd8 6. Nf3 Bd6 7. Bg5 Be6 8. Nd2 c6 9. f3 Ke7 10. Bc4 Bb4 11. Bxe6 Kxe6 12. Nd1 Nbd7 13. c3 Bc5 14. Ke2 h6 15. Be3 Rhd8 16. Nb3 Bxe3 17. Nxe3 g6 18. Rhd1 b6 19. a4 Ne8 20. a5 b5 21. Rd2 Ndf6 22. Rad1 Rxd2+ 23. Rxd2 Nd7 24. Ng4 h5 25. Nf2 Nc7 26. Nd3 Na6 27. Nb4 Nxb4 28. cxb4 Rd8 29. g3 Ke7 30. Rc2 Kd6 31. f4 f6 32. h4 Rc8 33. Ke3 c5 34. bxc5+ Nxc5 35. f5 gxf5 36. exf5 Rc7 37. Nd2 b4 38. b3 a6 39. Rc4 Nxb3 40. Ne4+ Kd7 41. Nxf6+ Kd8 42. Rxb4 Rc3+ 43. Kf2 Nxa5 44. Nxh5 Nc6 45. Re4 Ke7 46. g4 Rd3 47. g5 Rd4 48. Ng3 Rxe4 49. Nxe4 Nd4 50. f6+ Ke6 51. h5 Kf5 52. f7 Ne6 53. g6 1-0

[Event "EUR-chT Seniors 65"]
[Site "Prague"]
[Date "2021.08.30"]
[Round "1.4"]
[White "Macoun, Jiri"]
[Black "Bhend, Edwin"]
[Result "0-1"]
[WhiteElo "1718"]
[BlackElo "2104"]
[PlyCount "92"]
[EventDate "2021.08.30"]
[EventType "team-swiss"]
[EventRounds "9"]
[EventCountry "CZE"]
[SourceTitle "CBM 204 Extra"]
[Source "ChessBase"]
[SourceDate "2021.11.30"]
[SourceVersion "1"]
[SourceVersionDate "2021.11.30"]
[SourceQuality "1"]
[WhiteTeam "Roztoky Caissa 65"]
[BlackTeam "Switzerland 65"]
[WhiteTeamCountry "CZE"]
[BlackTeamCountry "SUI"]

1. e4 c5 2. Bc4 Nc6 3. a4 g6 4. d3 Bg7 5. Nc3 d6 6. f4 e6 7. Nf3 Nge7 8. 0-0 0-0 9. Bd2 Nd4 10. Ba2 Nec6 11. Kh1 Nb4 12. Nxd4 cxd4 13. Ne2 Nxa2 14. Rxa2 f5 15. Bb4 Re8 16. b3 e5 17. Ng3 exf4 18. Rxf4 Be5 19. Rf3 f4 20. Ne2 Bg4 21. Rf1 g5 22. Qe1 d5 23. Ng1 Bg7 24. Nf3 dxe4 25. dxe4 Bf5 26. e5 g4 27. Nh4 Rxe5 28. Qf2 Be4 29. Bd2 Rh5 30. Be1 Qd5 31. Qe2 f3 32. gxf3 gxf3 33. Nxf3 Rf8 34. Kg2 Rhf5 35. Qc4 Qxc4 36. bxc4 Rxf3 37. Rxf3 Rxf3 38. Kg1 Be5 39. c5 Bd5 40. Ra1 d3 41. c3 Bf4 42. Rd1 Be3+ 43. Kg2 d2 44. Bg3 Rf7+ 45. Kh3 Bb3 46. Rg1 Bxg1 0-1

[Event "WchT Seniors 65"]
[Site "Rhodes"]
[Date "2019.04.20"]
[Round "5.9"]
[White "Waterfield, John"]
[Black "Bhend, Edwin"]
[Result "1/2-1/2"]
[WhiteElo "1928"]
[BlackElo "2120"]
[PlyCount "25"]
[EventDate "2019.04.16"]
[EventType "team-swiss"]
[EventRounds "9"]
[EventCountry "GRE"]
[SourceTitle "CBM 190 Extra"]
[Source "ChessBase"]
[SourceDate "2019.07.15"]
[SourceVersion "1"]
[SourceVersionDate "2019.07.15"]
[SourceQuality "1"]
[WhiteTeam "Wales"]
[BlackTeam "Switzerland"]
[WhiteTeamCountry "WLS"]
[BlackTeamCountry "SUI"]

1. e4 b6 2. d4 Bb7 3. Bd3 e6 4. Nf3 d6 5. 0-0 Ne7 6. Be3 Ng6 7. Ng5 Be7 8. f4 Nd7 9. Nd2 a6 10. Qh5 Nf6 11. Qe2 Ng8 12. Qh5 Nf6 13. Qe2 1/2-1/2

[Event "WchT Seniors 65"]
[Site "Rhodes"]
[Date "2019.04.17"]
[Round "2.8"]
[White "Bhend, Edwin"]
[Black "Nordstrom, Felix"]
[Result "1/2-1/2"]
[WhiteElo "2120"]
[BlackElo "2044"]
[PlyCount "43"]
[EventDate "2019.04.16"]
[EventType "team-swiss"]
[EventRounds "9"]
[EventCountry "GRE"]
[SourceTitle "CBM 190 Extra"]
[Source "ChessBase"]
[SourceDate "2019.07.15"]
[SourceVersion "1"]
[SourceVersionDate "2019.07.15"]
[SourceQuality "1"]
[WhiteTeam "Switzerland"]
[BlackTeam "Sweden II"]
[WhiteTeamCountry "SUI"]
[BlackTeamCountry "SWE"]

1. b3 e5 2. Bb2 d6 3. e3 g6 4. d4 Bg7 5. dxe5 Nd7 6. Nf3 Nxe5 7. Nxe5 Bxe5 8. Bxe5 dxe5 9. Qxd8+ Kxd8 10. Nd2 Ke7 11. Be2 Nf6 12. Nc4 e4 13. Nd2 b6 14. 0-0-0 Bb7 15. Nb1 Rad8 16. Nc3 h5 17. h3 c5 18. Bc4 Bc6 19. a4 Rd7 20. Rxd7+ Bxd7 21. Rd1 h4 22. Bb5 1/2-1/2

[Event "Basel op"]
[Site "Basel"]
[Date "2018.01.06"]
[Round "8"]
[White "Bhend, Edwin"]
[Black "Yakimenko, Alexander A"]
[Result "0-1"]
[WhiteElo "2123"]
[BlackElo "2146"]
[PlyCount "138"]
[EventDate "2018.01.02"]
[EventType "swiss"]
[EventRounds "9"]
[EventCountry "SUI"]
[SourceTitle "CBM 182 Extra"]
[Source "ChessBase"]
[SourceDate "2018.02.23"]
[SourceVersion "1"]
[SourceVersionDate "2018.02.23"]
[SourceQuality "1"]

1. d4 e6 2. Nf3 Nf6 3. e3 c5 4. b3 Nc6 5. Bb2 d5 6. Bd3 Qc7 7. a3 a6 8. Nbd2 Bd6 9. c4 cxd4 10. exd4 0-0 11. 0-0 Rd8 12. Qe2 Bf4 13. Rfd1 Bd7 14. Nf1 Na5 15. N3d2 Bh6 16. c5 g6 17. b4 Nc6 18. Nb3 Nh5 19. g3 f5 20. Nfd2 Nf6 21. Nf1 Ne4 22. f3 Nf6 23. Bc3 Re8 24. f4 Ne4 25. Bxe4 dxe4 26. a4 Ne7 27. b5 Nd5 28. Bd2 Reb8 29. Ne3 Qd8 30. b6 Nxe3 31. Bxe3 Bc6 32. Na5 Bd5 33. Rdc1 Qd7 34. Nc4 Rc8 35. Ne5 Qe8 36. a5 Bg7 37. Ra3 Bc6 38. Qa2 Rd8 39. Qf2 Rd5 40. h4 h6 41. Ra2 Kh7 42. Rd2 Rad8 43. Rcc2 Bf6 44. g4 fxg4 45. Nxg4 Qe7 46. Ne5 Bxe5 47. dxe5 Rd3 48. Qg3 Qf7 49. Qh3 R8d7 50. Kf2 R7d5 51. Ke1 Qf5 52. Qg3 R5d4 53. Qf2 Ra4 54. Ra2 Rxa2 55. Rxa2 Qh3 56. Re2 Qh1+ 57. Qg1 Qxh4+ 58. Qf2 Qh1+ 59. Qg1 Qh3 60. Bf2 Ra3 61. Re3 Ra1+ 62. Kd2 Ra2+ 63. Kc3 Qf5 64. Qg3 Rxa5 65. Kb2 Rxc5 66. Qh4 g5 67. fxg5 Qxe5+ 68. Kb1 Rb5+ 69. Kc1 Qa1+ 0-1

[Event "Basel op"]
[Site "Basel"]
[Date "2018.01.05"]
[Round "5"]
[White "Schweizer, Simon"]
[Black "Bhend, Edwin"]
[Result "1-0"]
[WhiteElo "2159"]
[BlackElo "2123"]
[PlyCount "85"]
[EventDate "2018.01.02"]
[EventType "swiss"]
[EventRounds "9"]
[EventCountry "SUI"]
[SourceTitle "CBM 182 Extra"]
[Source "ChessBase"]
[SourceDate "2018.02.23"]
[SourceVersion "1"]
[SourceVersionDate "2018.02.23"]
[SourceQuality "1"]

1. Nf3 d5 2. c4 e6 3. g3 Nf6 4. Bg2 Be7 5. 0-0 0-0 6. d4 Ne4 7. Qc2 c6 8. b3 f5 9. e3 Bd7 10. Ne5 Be8 11. f3 Nd6 12. c5 Nf7 13. Nd3 Na6 14. Bb2 Nc7 15. Nd2 Bf6 16. f4 Nh6 17. Nf3 Bh5 18. Nfe5 Ng4 19. Rfe1 Nxe5 20. dxe5 Be7 21. a4 a5 22. Bd4 Na6 23. Qc3 Qc7 24. Kf2 Be8 25. Rec1 Bd7 26. Rc2 h6 27. Bf3 Bd8 28. Rg1 Be8 29. Kf1 Bg6 30. Qd2 Qf7 31. h3 Rb8 32. Qd1 h5 33. Be2 Nc7 34. Ne1 Ne8 35. Nf3 Bh7 36. Bd3 Qd7 37. Rcg2 g6 38. g4 Ng7 39. gxh5 Nxh5 40. Ng5 Bxg5 41. Rxg5 Ng7 42. Qe1 Qf7 43. Qxa5 1-0

[Event "Basel op"]
[Site "Basel"]
[Date "2018.01.03"]
[Round "3"]
[White "Hamblok, Roel"]
[Black "Bhend, Edwin"]
[Result "1-0"]
[WhiteElo "2292"]
[BlackElo "2123"]
[PlyCount "51"]
[EventDate "2018.01.02"]
[EventType "swiss"]
[EventRounds "9"]
[EventCountry "SUI"]
[SourceTitle "CBM 182 Extra"]
[Source "ChessBase"]
[SourceDate "2018.02.23"]
[SourceVersion "1"]
[SourceVersionDate "2018.02.23"]
[SourceQuality "1"]

1. d4 d5 2. Bf4 e6 3. e3 Bd6 4. Bg3 Ne7 5. Nf3 Nd7 6. Bd3 f5 7. c4 Nf6 8. Nc3 c6 9. 0-0 0-0 10. Rb1 Ne4 11. Bxd6 Nxd6 12. cxd5 cxd5 13. Ne2 Bd7 14. Qb3 Ng6 15. Rfc1 Bc6 16. Ne5 Nxe5 17. dxe5 Ne4 18. Rc2 Qd7 19. Qb4 Qc7 20. f3 Ng5 21. f4 Ne4 22. Nd4 Qd7 23. Bxe4 fxe4 24. Rbc1 Rac8 25. Qd6 Rfe8 26. Rxc6 1-0

[Event "EU-chT Seniors 65"]
[Site "Novi Sad"]
[Date "2017.07.01"]
[Round "7.1"]
[White "Bhend, Edwin"]
[Black "Taksrud, Vidar"]
[Result "1/2-1/2"]
[WhiteElo "2135"]
[BlackElo "1979"]
[PlyCount "49"]
[EventDate "2017.06.25"]
[EventType "team-tourn"]
[EventRounds "9"]
[EventCountry "SRB"]
[SourceTitle "CBM 179 Extra"]
[Source "ChessBase"]
[SourceDate "2017.08.23"]
[SourceVersion "1"]
[SourceVersionDate "2017.08.23"]
[SourceQuality "1"]
[WhiteTeam "Switzerland 65"]
[BlackTeam "Norway 65"]
[WhiteTeamCountry "SUI"]
[BlackTeamCountry "NOR"]

1. e4 c6 2. Nc3 d5 3. Nf3 dxe4 4. Nxe4 Nf6 5. Ng3 Bg4 6. Be2 e6 7. Ne5 Bxe2 8. Qxe2 Be7 9. c3 c5 10. 0-0 0-0 11. d3 Nbd7 12. f4 Qc7 13. Bd2 Rad8 14. Rae1 Ne8 15. Ng4 Bh4 16. Rf3 Nd6 17. Ref1 Bxg3 18. Rxg3 Nf5 19. Rh3 Qb6 20. Bc1 Rfe8 21. Nf2 Nf8 22. Kh1 Qc6 23. Ne4 f6 24. a3 Rd5 25. Qg4 1/2-1/2

[Event "WchT Seniors 65"]
[Site "Hersonissos"]
[Date "2017.04.27"]
[Round "4.2"]
[White "Bhend, Edwin"]
[Black "Vasiukov, Evgeni"]
[Result "1/2-1/2"]
[WhiteElo "2132"]
[BlackElo "2396"]
[PlyCount "26"]
[EventDate "2017.04.24"]
[EventType "team-swiss"]
[EventRounds "9"]
[EventCountry "GRE"]
[SourceTitle "CBM 178 Extra"]
[Source "ChessBase"]
[SourceDate "2017.06.22"]
[SourceVersion "1"]
[SourceVersionDate "2017.06.22"]
[SourceQuality "1"]
[WhiteTeam "Switzerland"]
[BlackTeam "Russia"]
[WhiteTeamCountry "SUI"]
[BlackTeamCountry "RUS"]

1. d4 f5 2. Nc3 g6 3. e4 fxe4 4. Nxe4 d5 5. Ng5 Nc6 6. Bb5 Qd6 7. Ne2 a6 8. Bxc6+ Qxc6 9. 0-0 Bg7 10. Re1 h6 11. Nf3 Bf5 12. c3 0-0-0 13. Ne5 Bxe5 1/2-1/2

[Event "Zuoz Engiadina op 23rd"]
[Site "Zuoz"]
[Date "2016.10.02"]
[Round "2"]
[White "Bhend, Edwin"]
[Black "Schirmer, Felix"]
[Result "1-0"]
[WhiteElo "2174"]
[BlackElo "1949"]
[PlyCount "49"]
[EventDate "2016.10.01"]
[EventType "swiss"]
[EventRounds "7"]
[EventCountry "SUI"]
[SourceTitle "EXT 2017"]
[Source "ChessBase"]
[SourceDate "2016.10.25"]
[SourceVersion "1"]
[SourceVersionDate "2016.10.25"]
[SourceQuality "1"]

1. d4 d5 2. Nc3 Nf6 3. Bg5 e6 4. e4 dxe4 5. Nxe4 Be7 6. Bxf6 Bxf6 7. Nf3 0-0 8. c3 b6 9. Bd3 Bb7 10. Qe2 Nd7 11. 0-0-0 Qe7 12. Kb1 c5 13. h4 cxd4 14. cxd4 e5 15. Nxf6+ gxf6 16. Be4 Bxe4+ 17. Qxe4 Qe6 18. d5 f5 19. dxe6 fxe4 20. Rxd7 exf3 21. gxf3 Kg7 22. Rhd1 Kf6 23. e7 Rfe8 24. R1d6+ Kg7 25. Rd8 1-0

[Event "EU-chT Seniors 65"]
[Site "Chalkidiki"]
[Date "2016.04.27"]
[Round "9.2"]
[White "Bhend, Edwin"]
[Black "Kratschmer, Heinz"]
[Result "1/2-1/2"]
[WhiteElo "2188"]
[BlackElo "2060"]
[PlyCount "41"]
[EventDate "2016.04.19"]
[EventType "team-tourn"]
[EventRounds "9"]
[EventCountry "GRE"]
[SourceTitle "CBM 172 Extra"]
[Source "ChessBase"]
[SourceDate "2016.06.21"]
[SourceVersion "1"]
[SourceVersionDate "2016.06.21"]
[SourceQuality "1"]
[WhiteTeam "Switzerland"]
[BlackTeam "Steiermark"]
[WhiteTeamCountry "SUI"]
[BlackTeamCountry "AUT"]

1. d4 Nf6 2. Nc3 d5 3. Bg5 Bf5 4. e3 e6 5. Bd3 Bxd3 6. cxd3 c5 7. Nf3 Nc6 8. Qa4 Qd7 9. Rc1 cxd4 10. Nxd4 Nxd4 11. Qxd4 Be7 12. 0-0 0-0 13. Qa4 Rfd8 14. Qxd7 Rxd7 15. Ne2 Kf8 16. Rc2 Ne8 17. Bf4 Bd6 18. Rfc1 Ke7 19. d4 Kd8 20. Kf1 Rc7 21. Rxc7 1/2-1/2

[Event "EU-chT Seniors 65"]
[Site "Chalkidiki"]
[Date "2016.04.26"]
[Round "8.2"]
[White "Maryasin, Boris Feliksovich"]
[Black "Bhend, Edwin"]
[Result "1-0"]
[WhiteElo "2323"]
[BlackElo "2188"]
[PlyCount "61"]
[EventDate "2016.04.19"]
[EventType "team-tourn"]
[EventRounds "9"]
[EventCountry "GRE"]
[SourceTitle "CBM 172 Extra"]
[Source "ChessBase"]
[SourceDate "2016.06.21"]
[SourceVersion "1"]
[SourceVersionDate "2016.06.21"]
[SourceQuality "1"]
[WhiteTeam "Israel"]
[BlackTeam "Switzerland"]
[WhiteTeamCountry "ISR"]
[BlackTeamCountry "SUI"]

1. e4 c5 2. Nc3 Nc6 3. g3 g6 4. Bg2 Bg7 5. d3 d6 6. Be3 Nh6 7. h3 f5 8. Nf3 0-0 9. Qd2 Nf7 10. exf5 Bxf5 11. d4 cxd4 12. Nxd4 Bd7 13. 0-0 Kh8 14. f4 e5 15. Ndb5 Be6 16. Nd5 exf4 17. Rxf4 Rc8 18. Raf1 Nfe5 19. Rxf8+ Bxf8 20. Bg5 Qd7 21. Nf6 Qe7 22. Ne4 Qd7 23. Nbxd6 Rd8 24. Bxd8 Qxd8 25. Kh2 Bg7 26. Nxb7 Qb6 27. Nbc5 Bc4 28. Nd7 Qc7 29. Nxe5 Bxf1 30. Nxc6 Bxg2 31. Kxg2 1-0

[Event "Bad Woerishofen Seniors op 32nd"]
[Site "Bad Woerishofen"]
[Date "2016.03.04"]
[Round "8"]
[White "Okrajek, Alexander"]
[Black "Bhend, Edwin"]
[Result "1-0"]
[WhiteElo "2224"]
[BlackElo "2188"]
[PlyCount "61"]
[EventDate "2016.02.26"]
[EventType "swiss"]
[EventRounds "9"]
[EventCountry "GER"]
[SourceTitle "EXT 2019"]
[Source "ChessBase"]
[SourceDate "2018.10.10"]
[SourceVersion "1"]
[SourceVersionDate "2018.10.10"]
[SourceQuality "1"]

1. Nf3 d5 2. c4 d4 3. e4 c5 4. d3 Nc6 5. g3 e5 6. Bg2 Bd6 7. a3 Nge7 8. Nbd2 0-0 9. Nh4 f6 10. 0-0 g5 11. Nf5 Nxf5 12. exf5 Bxf5 13. Ne4 Be7 14. f4 Kg7 15. Bd2 a5 16. fxg5 fxg5 17. Qb3 Rb8 18. Qb5 Qc7 19. Bxg5 Bxe4 20. Bxe7 Rxf1+ 21. Rxf1 Bxg2 22. Bf6+ Kg6 23. Kxg2 Rf8 24. Bxe5 Qxe5 25. Rxf8 Qe2+ 26. Rf2 Qxd3 27. Qxc5 Qe4+ 28. Kh3 Qe6+ 29. Kh4 Ne5 30. Qxd4 Kh6 31. g4 1-0

[Event "Bad Woerishofen Seniors op 32nd"]
[Site "Bad Woerishofen"]
[Date "2016.02.28"]
[Round "3"]
[White "Bhend, Edwin"]
[Black "Schmidt, Eugen"]
[Result "1-0"]
[WhiteElo "2188"]
[BlackElo "1969"]
[PlyCount "87"]
[EventDate "2016.02.26"]
[EventType "swiss"]
[EventRounds "9"]
[EventCountry "GER"]
[SourceTitle "EXT 2019"]
[Source "ChessBase"]
[SourceDate "2018.10.10"]
[SourceVersion "1"]
[SourceVersionDate "2018.10.10"]
[SourceQuality "1"]

1. d4 Nf6 2. Nc3 g6 3. e4 d6 4. f4 Bg7 5. Nf3 0-0 6. Be3 Ng4 7. Bg1 e5 8. dxe5 dxe5 9. Qxd8 Rxd8 10. h3 Nf6 11. fxe5 Ne8 12. Bc4 Nc6 13. Bh2 Na5 14. Bd3 Be6 15. Bf4 h6 16. b3 c5 17. Nd1 c4 18. Be2 b5 19. Ne3 Nd6 20. Nd4 Nxe4 21. Nxb5 cxb3 22. axb3 Nc6 23. Bf3 Nd4 24. Bxe4 Nxb5 25. Bxa8 Rxa8 26. 0-0 Nd4 27. Rfe1 Bf8 28. Ra4 Nb5 29. Nd1 Rc8 30. Re2 Bc5+ 31. Kf1 g5 32. Bg3 Nd4 33. Rd2 Nf5 34. Bf2 Bxf2 35. Kxf2 Rc7 36. Ne3 Nh4 37. Rd8+ Kg7 38. Ra8 Rc5 39. R8xa7 Rxe5 40. R7a5 Ng6 41. Rxe5 Nxe5 42. b4 f5 43. Ra5 Kf6 44. Nd5+ 1-0

[Event "Basel op"]
[Site "Basel"]
[Date "2016.01.01"]
[Round "1"]
[White "Bhend, Edwin"]
[Black "Heinatz, Maria"]
[Result "1/2-1/2"]
[WhiteElo "2193"]
[BlackElo "1997"]
[PlyCount "110"]
[EventDate "2016.01.01"]
[EventType "swiss"]
[EventRounds "7"]
[EventCountry "SUI"]
[SourceTitle "CBM 170 Extra"]
[Source "ChessBase"]
[SourceDate "2016.02.25"]
[SourceVersion "1"]
[SourceVersionDate "2016.02.25"]
[SourceQuality "1"]

1. d4 Nf6 2. Nc3 d5 3. Bg5 Ne4 4. Nxe4 dxe4 5. c3 g6 6. e3 Bg7 7. Bc4 c5 8. Ne2 0-0 9. 0-0 Nc6 10. a3 Qc7 11. Ba2 Bg4 12. h3 Bxe2 13. Qxe2 Kh8 14. Qc4 cxd4 15. cxd4 Rac8 16. Rac1 e6 17. Qc2 Qa5 18. Qc5 Qxc5 19. Rxc5 b6 20. Rc3 h6 21. Bh4 g5 22. Bg3 Rfd8 23. Rfc1 Ne7 24. Rxc8 Rxc8 25. Rxc8+ Nxc8 26. Bb8 Bf8 27. Be5+ Kg8 28. d5 exd5 29. Bxd5 Nd6 30. Kf1 Be7 31. Ke2 Kf8 32. g4 f6 33. Bg3 Ke8 34. Bc6+ Kf7 35. Bd5+ Ke8 36. Be6 Bf8 37. Kd2 Ke7 38. Bd5 Kd7 39. a4 Bg7 40. b3 f5 41. gxf5 Nxf5 42. Bb8 a5 43. Bxe4 Nd6 44. Kd3 Be5 45. Bf3 Bh2 46. Bd5 h5 47. Bf3 h4 48. Bd5 Be5 49. f3 Kc8 50. Bxd6 Bxd6 51. Ke4 Bc5 52. f4 gxf4 53. exf4 Kd8 54. Kf5 Ke7 55. Kg6 Kf8 1/2-1/2

[Event "EU-chT Seniors"]
[Site "Vienna"]
[Date "2015.07.16"]
[Round "5.8"]
[White "Van Oosten, Arend"]
[Black "Bhend, Edwin"]
[Result "0-1"]
[WhiteElo "2145"]
[BlackElo "2195"]
[PlyCount "76"]
[EventDate "2015.07.12"]
[EventType "team-swiss"]
[EventRounds "9"]
[EventCountry "AUT"]
[SourceTitle "EXT 2018"]
[Source "ChessBase"]
[SourceDate "2017.10.13"]
[SourceVersion "1"]
[SourceVersionDate "2017.10.13"]
[SourceQuality "1"]
[WhiteTeam "Oranje"]
[BlackTeam "Switzerland"]
[WhiteTeamCountry "NED"]
[BlackTeamCountry "SUI"]

1. e4 c5 2. Nc3 Nc6 3. g3 g6 4. Bg2 Bg7 5. d3 e6 6. Be3 d6 7. Qd2 Qa5 8. Nge2 Nd4 9. 0-0 Ne7 10. Rae1 0-0 11. Nd5 Nxe2+ 12. Rxe2 Qd8 13. Nxe7+ Qxe7 14. f4 e5 15. f5 f6 16. c3 b6 17. h4 gxf5 18. exf5 Bb7 19. g4 d5 20. g5 d4 21. gxf6 Bxf6 22. cxd4 cxd4 23. Bxd4 Rae8 24. Rfe1 Qg7 25. Kh2 Qg4 26. Bxe5 Qxh4+ 27. Bh3 Rxe5 28. Rxe5 Kf7 29. Re6 Bg5 30. R6e4 Bxe4 31. Rxe4 Qxh3+ 32. Kxh3 Bxd2 33. Rc4 Kf6 34. Kg4 Rg8+ 35. Kf3 Kxf5 36. Rc7 h5 37. Rxa7 h4 38. Rh7 Rg3+ 0-1

[Event "EU-chT Seniors"]
[Site "Vienna"]
[Date "2015.07.14"]
[Round "3.2"]
[White "Bhend, Edwin"]
[Black "Ackermann, Hans Werner"]
[Result "1/2-1/2"]
[WhiteElo "2195"]
[BlackElo "2297"]
[PlyCount "61"]
[EventDate "2015.07.12"]
[EventType "team-swiss"]
[EventRounds "9"]
[EventCountry "AUT"]
[SourceTitle "CBM 167 Extra"]
[Source "ChessBase"]
[SourceDate "2015.09.14"]
[SourceVersion "1"]
[SourceVersionDate "2015.09.14"]
[SourceQuality "1"]
[WhiteTeam "Switzerland"]
[BlackTeam "Germany"]
[WhiteTeamCountry "SUI"]
[BlackTeamCountry "GER"]

1. b3 e5 2. Bb2 Nc6 3. Nf3 e4 4. Nd4 Nxd4 5. Bxd4 Nf6 6. c4 b6 7. e3 Bb7 8. Be2 Bc5 9. Bxc5 bxc5 10. Nc3 0-0 11. 0-0 a5 12. f4 Qe7 13. Qe1 Ne8 14. g4 c6 15. d3 d5 16. dxe4 dxe4 17. Rd1 Nc7 18. Na4 Bc8 19. h3 f5 20. Qg3 Be6 21. gxf5 Bxf5 22. Bg4 Ne6 23. Rd2 Ra7 24. Rfd1 Rc7 25. Kh2 Rf6 26. Bxf5 Rxf5 27. Nc3 Nf8 28. Rd8 Rf6 29. Qg2 Rg6 30. Qf2 h6 31. Ne2 1/2-1/2

[Event "Basel op"]
[Site "Basel"]
[Date "2015.01.05"]
[Round "7"]
[White "Maffioli, Massimo"]
[Black "Bhend, Edwin"]
[Result "0-1"]
[WhiteElo "1944"]
[BlackElo "2188"]
[PlyCount "54"]
[EventDate "2015.01.01"]
[EventType "swiss"]
[EventRounds "7"]
[EventCountry "SUI"]
[SourceTitle "CBM 164 Extra"]
[Source "ChessBase"]
[SourceDate "2015.03.02"]
[SourceVersion "1"]
[SourceVersionDate "2015.03.02"]
[SourceQuality "1"]

1. d4 d5 2. c4 Nc6 3. Nc3 dxc4 4. Nf3 Nf6 5. e4 Bg4 6. Be3 Bxf3 7. gxf3 e5 8. d5 Nb8 9. Bxc4 Nbd7 10. Qb3 Nb6 11. Bxb6 axb6 12. d6 Bxd6 13. Bxf7+ Kf8 14. Nb5 Bc5 15. Rd1 Qe7 16. Bc4 g6 17. Nc3 c6 18. a3 Kg7 19. Qc2 Rhd8 20. Rxd8 Rxd8 21. 0-0 b5 22. Bb3 Nh5 23. Ne2 Bb6 24. Rd1 Qh4 25. Ng3 Rxd1+ 26. Qxd1 Nxg3 27. hxg3 Qxg3+ 0-1

[Event "WchT Seniors 65"]
[Site "Vilnius"]
[Date "2014.07.19"]
[Round "7.5"]
[White "Bhend, Edwin"]
[Black "Titz, Heimo"]
[Result "1/2-1/2"]
[WhiteElo "2189"]
[BlackElo "2157"]
[PlyCount "33"]
[EventDate "2014.07.13"]
[EventType "team-swiss"]
[EventRounds "9"]
[EventCountry "LTU"]
[SourceTitle "CBM 161 Extra"]
[Source "ChessBase"]
[SourceDate "2014.08.29"]
[SourceVersion "1"]
[SourceVersionDate "2014.08.29"]
[SourceQuality "1"]
[WhiteTeam "Switzerland"]
[BlackTeam "Austria"]
[WhiteTeamCountry "SUI"]
[BlackTeamCountry "AUT"]

1. b3 e5 2. Bb2 Nc6 3. Nf3 e4 4. Nd4 Nf6 5. e3 Bc5 6. d3 exd3 7. Bxd3 0-0 8. 0-0 Re8 9. Nd2 Nxd4 10. exd4 Bf8 11. d5 d6 12. Qf3 Nd7 13. Nc4 Nc5 14. Rfe1 Bd7 15. Bf1 Qg5 16. h3 Bf5 17. Ne3 1/2-1/2